FIFA 14 EPL Team of the Season - Statistics

General Stats
  • This quiz has been taken 2,607 times
  • The average score is 14 of 18
Answer Stats
Hint Answer % Correct
GK- Chelsea (90) Petr Cech
96%
ST- Manchester City (93) Sergio Aguero
94%
ST- Liverpool (95) Luis Suarez
91%
LM- Chelsea (94) Edin Hazard
89%
CB- Manchester City (91) Vincent Kompany
88%
CB- Chelsea (89) John Terry
87%
LB- Everton (88) Leighton Baines
85%
CDM- Liverpool (88) Steven Gerrard
84%
CM- Manchester City (92) Yaya Toure
83%
ST- Liverpool (87) Daniel Sturridge
82%
RW- Liverpool (83) Raheem Sterling
82%
LM- Manchester City David Silva
79%
RB- Everton (82) Seamus Coleman
74%
CAM- Southampton (84) Adam Lallana
62%
CB- Arsenal (87) Per Mertesacker
62%
LB- Chelsea (82) Cesar Azpilicueta
55%
CDM- Arsenal (86) Aaron Ramsey
52%
GK- Cardiff City (82) David Marshall
37%
No matching quizzes found
Score Distribution
Percent of People with Each Score
Percentile by Number Answered
Your Score History
You have not taken this quiz